000 01678nam a22002657a 4500
001 2782
005 20250422112216.0
020 _a0895980169
040 _aDLC
_cDLC
_dDLC
_beng
050 0 0 _aPS1449.C85
082 _a813.4
100 1 _aCrane, Stephen
245 1 4 _aThe red badge of courage /
_cby a Stephen Crane
250 _aThis published 1993
260 _aOxford :
_bOxford University Press,
_c1979
300 _a85 pages ;
_billustrations ;
_c20 cm
490 0 _aA Trail Blazer book
505 _aK
520 _aOxford offers the most generously annotated edition of The Red Badge of Courage (1895), a vivid psychological account of a young man's experience fighting in the American Civil War based on Crane's reading of popular descriptions of battle. This volume also includes the short stories "The Open Boat"(1898), "The Monster"(1899), and "The Blue Hotel". The editors explore Crane's work from a fresh critical perspective, focusing on his role as an experimental writer, his modernist legacy, and his social as well as literary revisionism. About the Series: For over 100 years Oxford World's Classics has made available the broadest spectrum of literature from around the globe. Each affordable volume reflects Oxford's commitment to scholarship, providing the most accurate text plus a wealth of other valuable features, including expert introductions by leading authorities, voluminous notes to clarify the text, up-to-date bibliographies for further study, and much more.
521 _a600
_bLexile estimate
521 _aK
_bRaz-Plus
655 7 _aWar stories.
_2gsafd
906 _a7
_bcbc
_corignew
_d2
_encip
_f19
_gy-genrareb
942 _2ddc
_cBK
_n0
999 _c2782
_d2782